000
00218 a2200097 4500
001
37368
100
_a
S M Yusuf
245
_a
Economic justice in Islam
260
_a
New Delhi
_b
Kitab Bharan
_c
090
_c
23839
_d
23839
942
_a
NUST-CAE
_c
M
_c
15379
999
_c
272441
_d
272441